00490nam a22001457a 450000500170000000800410001702000280005804100130008608200130009910000400011224500780015226000570023030000310028765000260031820240118143002.0240118b |||||||| |||| 00| 0 eng d a0409003301 ; 0409003662 aEnglish  a349 JOU  aJoubert, WA and Scott, TJlEnglish  aThe Law of South Africa : Mining and Minerals /cWA Joubert and TJ Scott  aDurban :bButterworth and Company (Pty) Ltd, c1983  bvii, 390 pages ; c26 cm.  aLegal practice bLaw